| 000 | 01001nam a2200253 a 4500 | ||
|---|---|---|---|
| 001 | 000043652 | ||
| 003 | DO-SdBNP | ||
| 005 | 20260527074042.0 | ||
| 008 | 140401s19uu dr 000 0 spa d | ||
| 040 |
_aDO-SdBNP _bspa _cBNPHU |
||
| 049 | _aBNPD | ||
| 082 |
_a324.297293 _bP438g |
||
| 100 | 1 |
_aPérez Martínez, Ramón _958433 |
|
| 245 | 1 | 0 |
_aGobierno de coalición vs. subrogación. / _cRamón Pérez Martínez. |
| 260 |
_a[Santo Domingo : _bPartido Reformista Social Cristiano, _cs.f.]. |
||
| 300 |
_a52 p. ; _c22 cm. |
||
| 500 | _aIncluye datos biografícos del autor en la contraportada. | ||
| 500 | _aA la cabeza de la portada: Partido Reformista Social Cristiano, corriente unitaria del reformismo histórico. | ||
| 610 | 2 | 0 |
_aPartido Reformista Social Cristiano (República Dominicana) _92630 |
| 650 | 0 |
_aPartidos políticos _zRepública Dominicana _9285 |
|
| 651 | 0 |
_aRepública Dominicana _xPolítica y gobierno _945 |
|
| 910 | _aValidado. Control de calidad EMS | ||
| 942 |
_2ddc _cLBS1 |
||
| 999 |
_c43141 _d43141 |
||